Novelizovaný zákon o odpadoch s aktualizovanou dôvodovou správou v úplnom znení

Bibliographic Details
Corporate Author: Slovensko (Author)
Format: Book
Language:Slovak
PhysicalDescription:208 s. 21 cm
Published: Bratislava Epos 2017
ISBN:9788056201985 (brož.)
Series:Novelizované zákony s dôvodovými správami v úplnom znení
Subjects:

MARC

LEADER 00000nam a2200000 a 4500
001 vtls011736749
003 SK-MaSNL
005 20260425230643.0
008 200316s2017 xo e lf 000 0 slo
015 |a SNBI2018 
020 |a 9788056201985 (brož.) 
035 |a urn:nbn:sk:snk-am00dgaw 
035 |a urn:nbn:sk:snk-am3i1az 
035 |a 9B1982DC-EC47-436B-AA7F-8D0F3A3F7339 
040 |a SNK  |b slo  |c SNK  |e AACR2 
041 0 |a slo 
043 |a e-xo--- 
044 |a xo  |c SK 
072 7 |a 628  |x Sanitárna technika. Vodárenstvo. Odpadové hospodárstvo. Svetelná technika  |2 konspekt 
080 |a 351.777.61  |2 2001 
080 |a (437.6)  |2 2001 
080 |a (094.5)  |2 2001 
080 |a (035)  |2 2001 
110 1 |a Slovensko  |4 aut  |9 266955 
240 1 0 |a Zákon o odpadoch (2015, novela 2017) 
245 1 0 |a Novelizovaný zákon o odpadoch s aktualizovanou dôvodovou správou v úplnom znení 
260 |a Bratislava  |b Epos  |c 2017 
300 |a 208 s.  |c 21 cm 
490 1 |a Novelizované zákony s dôvodovými správami v úplnom znení  |v 25/2017 
500 |a Nad názvom na prednom obale: Špecializovaná edícia neperiodických publikácií Predpisy pre podnikateľskú sféru ročník 2017 
650 0 7 |a odpadové hospodárstvo  |2 SNKPH  |9 3603 
650 0 7 |a Waste management  |2 SNKPHeng  |9 267224 
651 7 |a Slovensko  |2 SNKPH  |9 14231 
651 7 |a Slovakia  |2 SNKPHeng  |9 92630 
655 7 |a zákony  |2 SNKPH  |9 70186 
655 7 |a príručky  |2 SNKPH  |9 74364 
655 7 |a Laws  |2 SNKPHeng  |9 266957 
655 7 |a Handbooks, manuals, etc  |2 SNKPHeng  |9 90964 
830 0 |a Novelizované zákony s dôvodovými správami v úplnom znení  |9 293588 
919 |a 978-80-562-0198-5 
999 |c 682000  |d 683930 
952 |a SNK  |b SNK  |y PREZ  |7 0  |p 17A1307341  |o snkSC 177585  |i snk2018/1182  |8 0  |0 0  |1 0  |4 0  |d 2018-01-16  |f 1  |l 0  |r 2025-09-18 00:00:00  |w 2026-02-23 
952 |a SNK  |b SNK  |y VYP  |7 0  |p 17A1307342  |o snkSC 177585 D1  |i snk2018/1183  |8 0  |0 0  |1 0  |4 0  |d 2018-01-16  |l 0  |r 2026-02-23 20:00:36  |w 2026-02-23